[Event "Sachsen-Anhalt-ch Seniors 20th"]
[Site "Naumburg"]
[Date "2012.06.04"]
[Round "2"]
[White "Haeusser, Erwin"]
[Black "Reznikov, Emmanouil"]
[Result "0-1"]
[WhiteElo "1602"]
[BlackElo "1913"]
[PlyCount "54"]
[EventDate "2012.06.03"]
[EventType "swiss"]
[EventRounds "7"]
[EventCountry "GER"]
[SourceTitle "EXT 2013"]
[Source "ChessBase"]
[SourceDate "2012.11.22"]
[SourceVersion "1"]
[SourceVersionDate "2012.11.22"]
[SourceQuality "1"]

1. e4 e5 2. Nf3 Nc6 3. b3 Nf6 4. Bb2 d6 5. d3 Be7 6. c4 0-0 7. Nc3 a6 8. Nd5 Nb8 9. Rc1 Nxd5 10. cxd5 c6 11. dxc6 Nxc6 12. Qd2 Bg4 13. Qe2 d5 14. h3 Bb4+ 15. Kd1 Bh5 16. g4 Bg6 17. Rxc6 bxc6 18. Nxe5 dxe4 19. d4 Qd6 20. Nxg6 Qxg6 21. Qc2 Qf6 22. Bg2 Rad8 23. Ke2 Rfe8 24. Rd1 Qf4 25. Bc1 Qh2 26. Bf1 Rd6 27. Be3 Rf6 0-1

[Event "Sachsen-Anhalt-ch Seniors 19th"]
[Site "Osterburg"]
[Date "2011.06.07"]
[Round "4"]
[White "Haeusser, Erwin"]
[Black "Priss, Wolfgang"]
[Result "1-0"]
[WhiteElo "1654"]
[BlackElo "1409"]
[PlyCount "56"]
[EventDate "2011.06.05"]
[EventType "swiss"]
[EventRounds "7"]
[EventCountry "GER"]
[SourceTitle "EXT 2013"]
[Source "ChessBase"]
[SourceDate "2012.11.22"]
[SourceVersion "1"]
[SourceVersionDate "2012.11.22"]
[SourceQuality "1"]

1. f4 d5 2. Nf3 Nf6 3. b3 e6 4. Bb2 c5 5. e3 a6 6. d3 Nc6 7. g3 Bd6 8. Ne5 Qc7 9. Nxc6 bxc6 10. Bxf6 gxf6 11. Qg4 Bb7 12. Qg7 0-0-0 13. Qxf6 Rdg8 14. a4 h5 15. Be2 h4 16. g4 Kb8 17. h3 Bf8 18. Qe5 Bd6 19. Qb2 d4 20. exd4 Bxf4 21. dxc5 Bg3+ 22. Kd1 Rd8 23. a5 e5 24. Nd2 Rd4 25. c3 Rf4 26. Rf1 Bc8 27. Ne4 Rxe4 28. dxe4 Rd8+ 1-0

[Event "Sachsen-Anhalt-ch Seniors 18th"]
[Site "Osterburg"]
[Date "2010.06.11"]
[Round "7"]
[White "Tallowitz, Helmut"]
[Black "Haeusser, Erwin"]
[Result "1/2-1/2"]
[WhiteElo "1530"]
[BlackElo "1674"]
[PlyCount "93"]
[EventDate "2010.06.06"]
[EventType "swiss"]
[EventRounds "7"]
[EventCountry "GER"]
[SourceTitle "EXT 2013"]
[Source "ChessBase"]
[SourceDate "2012.11.22"]
[SourceVersion "1"]
[SourceVersionDate "2012.11.22"]
[SourceQuality "1"]

1. d4 b6 2. e4 Bb7 3. Bd3 g6 4. Nf3 Bg7 5. 0-0 d6 6. Re1 c5 7. c3 Nd7 8. Be3 Ngf6 9. d5 a6 10. Nbd2 b5 11. Rc1 Ng4 12. Bf4 Nge5 13. Nxe5 Nxe5 14. Bxe5 Bxe5 15. Qg4 Bc8 16. Qe2 Qb6 17. Nf3 Bf4 18. Rb1 f6 19. b3 Bd7 20. c4 b4 21. g3 Bh6 22. Nd2 Bg7 23. f4 0-0-0 24. Kg2 Rde8 25. Qf3 h5 26. f5 g5 27. h4 gxh4 28. gxh4 Reg8 29. Kh3 Bh6 30. Re2 Rg4 31. Rg2 Rhg8 32. Rbg1 Bxd2 33. Qe2 Rxg2 34. Rxg2 Rxg2 35. Qxg2 Bf4 36. Be2 Be8 37. Qg8 Qd8 38. Qe6+ Kc7 39. Qg8 a5 40. Qh8 Bf7 41. Qg7 Qe8 42. Bf3 Be5 43. Be2 Kd8 44. Bf3 Bf4 45. Be2 Qg8 46. Qxg8+ Bxg8 47. Kg2 1/2-1/2

[Event "Sachsen-Anhalt-ch Seniors 18th"]
[Site "Osterburg"]
[Date "2010.06.08"]
[Round "4"]
[White "Haeusser, Erwin"]
[Black "Kirmas, Joachim"]
[Result "0-1"]
[WhiteElo "1674"]
[BlackElo "2092"]
[PlyCount "78"]
[EventDate "2010.06.06"]
[EventType "swiss"]
[EventRounds "7"]
[EventCountry "GER"]
[SourceTitle "EXT 2013"]
[Source "ChessBase"]
[SourceDate "2012.11.22"]
[SourceVersion "1"]
[SourceVersionDate "2012.11.22"]
[SourceQuality "1"]

1. f4 e5 2. fxe5 d6 3. exd6 Bxd6 4. Nf3 Nf6 5. d4 Ng4 6. Bg5 f6 7. Bh4 g5 8. Bf2 Nxf2 9. Kxf2 g4 10. Nfd2 Bxh2 11. Ne4 f5 12. Rxh2 fxe4 13. g3 e3+ 14. Kg1 Qd6 15. Qe1 Nc6 16. c3 Ne7 17. Na3 Nf5 18. Nc4 Qf6 19. Bg2 h5 20. Qf1 Qg5 21. Qf4 Qxf4 22. gxf4 h4 23. Ne5 g3 24. Rh1 Ne7 25. Bh3 Bf5 26. Bxf5 Nxf5 27. Rh3 Rd8 28. Kg2 c5 29. Rd1 cxd4 30. cxd4 Rxd4 31. Rxd4 Nxd4 32. Ng6 Nxe2 33. Kf1 Rh6 34. f5 g2+ 35. Kxg2 Rxg6+ 36. Kf1 Ng3+ 37. Ke1 Nxf5 38. Ke2 Rg2+ 39. Ke1 Ke7 0-1

[Event "Sachsen-Anhalt-ch Seniors 14th"]
[Site "Osterburg"]
[Date "2006.06.11"]
[Round "2"]
[White "Haeusser, Erwin"]
[Black "Heinke, Richard"]
[Result "1-0"]
[WhiteElo "1679"]
[BlackElo "1495"]
[PlyCount "63"]
[EventDate "2006.06.10"]
[EventType "swiss"]
[EventRounds "7"]
[EventCountry "GER"]
[SourceTitle "EXT 2007"]
[Source "ChessBase"]
[SourceDate "2006.11.23"]
[SourceVersion "1"]
[SourceVersionDate "2006.11.23"]
[SourceQuality "1"]

1. f4 d5 2. Nf3 Nc6 3. e3 Nf6 4. b3 h6 5. Bb2 Bf5 6. d3 e6 7. a3 Bc5 8. Qe2 0-0 9. h3 d4 10. e4 Bh7 11. g4 e5 12. f5 Nd7 13. Nbd2 a6 14. h4 f6 15. Qg2 Be7 16. Be2 b5 17. Nf1 b4 18. a4 a5 19. Bc1 Rf7 20. g5 fxg5 21. hxg5 hxg5 22. Bxg5 Bf6 23. 0-0-0 Qe7 24. Bxf6 Rxf6 25. Ng5 Nf8 26. Nh2 Nd8 27. Rdg1 Raa6 28. Nhf3 Rh6 29. Rh2 Rxh2 30. Qxh2 Nc6 31. Rh1 Qf6 32. Nxh7 1-0

[Event "Sachsen-Anhalt-ch Seniors 14th"]
[Site "Osterburg"]
[Date "2006.06.10"]
[Round "1"]
[White "Werchan, Hans"]
[Black "Haeusser, Erwin"]
[Result "1-0"]
[WhiteElo "1991"]
[BlackElo "1679"]
[PlyCount "75"]
[EventDate "2006.06.10"]
[EventType "swiss"]
[EventRounds "7"]
[EventCountry "GER"]
[SourceTitle "EXT 2007"]
[Source "ChessBase"]
[SourceDate "2006.11.23"]
[SourceVersion "1"]
[SourceVersionDate "2006.11.23"]
[SourceQuality "1"]

1. Nf3 d5 2. c4 c6 3. d4 g6 4. Nc3 Bg7 5. Bf4 e6 6. e4 Ne7 7. Be2 0-0 8. Qd2 a6 9. 0-0 Nd7 10. Rac1 Nf6 11. e5 Nd7 12. Bg5 Qe8 13. h3 Nf5 14. g4 Ne7 15. Rce1 Kh8 16. Kg2 Ng8 17. h4 f6 18. exf6 Ngxf6 19. Nh2 b5 20. cxb5 axb5 21. a3 Nb6 22. Bxf6 Rxf6 23. g5 Rf7 24. Ng4 Nc4 25. Bxc4 bxc4 26. Rh1 Rf5 27. f4 Ra7 28. Ref1 Raf7 29. h5 Kg8 30. Ne2 Qf8 31. hxg6 hxg6 32. Qe3 c5 33. Nh6+ Bxh6 34. Rxh6 cxd4 35. Qxd4 Rg7 36. Rfh1 Kf7 37. Rh8 Qd6 38. Rxc8 1-0

[Event "Sachsen-Anhalt-ch Seniors 13th "]
[Site "Osterburg"]
[Date "2005.06.15"]
[Round "6"]
[White "Junge, Karl Heinz"]
[Black "Haeusser, Erwin"]
[Result "0-1"]
[WhiteElo "1540"]
[BlackElo "1666"]
[PlyCount "74"]
[EventDate "2005.06.10"]
[EventType "swiss"]
[EventRounds "7"]
[EventCountry "GER"]
[SourceTitle "EXT 2007"]
[Source "ChessBase"]
[SourceDate "2006.11.23"]
[SourceVersion "1"]
[SourceVersionDate "2006.11.23"]
[SourceQuality "1"]

1. e4 c5 2. Nf3 Nc6 3. d4 cxd4 4. Nxd4 g6 5. c3 Bg7 6. Be3 d6 7. Be2 a6 8. 0-0 Nf6 9. Nd2 0-0 10. Kh1 Qc7 11. f4 e6 12. Rc1 Rb8 13. Qc2 Bd7 14. N2f3 Ng4 15. Bg1 Rbc8 16. h3 Nh6 17. Qd2 f6 18. Be3 Nf7 19. g4 e5 20. fxe5 dxe5 21. Nb3 Rcd8 22. Qc2 Bc8 23. Rfd1 b6 24. Rxd8 Rxd8 25. Rd1 Bb7 26. Rxd8+ Ncxd8 27. Nbd2 Bh6 28. Bxh6 Nxh6 29. Qb3+ Kg7 30. Qc4 Qd6 31. Qd3 Nhf7 32. Kg2 Ne6 33. Qxd6 Nxd6 34. Kh2 Nc5 35. g5 Na4 36. gxf6+ Kxf6 37. Ng5 Kxg5 0-1

[Event "GER Seniors Derby 01st"]
[Site "Germany"]
[Date "2002.08.15"]
[Round "1"]
[White "Haeusser, Erwin"]
[Black "Goy, Udo"]
[Result "0-1"]
[WhiteElo "1730"]
[BlackElo "2143"]
[PlyCount "102"]
[EventDate "2002.08.??"]
[EventType "swiss"]
[EventRounds "7"]
[EventCountry "GER"]
[SourceTitle "EXT 2006"]
[Source "ChessBase"]
[SourceDate "2005.11.24"]
[SourceVersion "1"]
[SourceVersionDate "2005.11.24"]
[SourceQuality "1"]

1. f4 g6 2. Nf3 Bg7 3. e3 c5 4. c4 Nc6 5. Nc3 d6 6. a3 Nf6 7. Bd3 e5 8. fxe5 dxe5 9. Bc2 0-0 10. 0-0 Re8 11. d3 h6 12. Qe1 Be6 13. Ra2 e4 14. dxe4 Bxc4 15. b3 Bxf1 16. Qxf1 Ng4 17. Nd5 Qd6 18. h3 Nf6 19. Nxf6+ Bxf6 20. Bd3 Rad8 21. Rd2 Bc3 22. Rd1 Qg3 23. Bd2 Bxd2 24. Rxd2 Re7 25. Qe2 Red7 26. Bc4 Ne5 27. Rxd7 Rxd7 28. Bd5 Nxf3+ 29. Qxf3 Qxf3 30. gxf3 Kf8 31. Kf2 Ke7 32. Ke2 Kd6 33. Kd3 b6 34. Kc4 a6 35. Kd3 f5 36. a4 b5 37. a5 Ke5 38. f4+ Kd6 39. Kc2 Re7 40. Kd3 g5 41. Ba8 fxe4+ 42. Bxe4 gxf4 43. exf4 Rg7 44. Bf5 Rg3+ 45. Kc2 Rg2+ 46. Kb1 Rf2 47. Bc8 Rxf4 48. Bxa6 Kc6 49. Bc8 Rf8 50. Bg4 Kb7 51. Kc2 Ka6 0-1